Manual de linguística románica
Tallennettuna:
| Päätekijä: | |
|---|---|
| Aineistotyyppi: | Kirja |
| Kieli: | espanja |
| Julkaistu: |
Madrid
Aguilar
1968
|
| Painos: | 2a. ed |
| Aiheet: | |
| Tagit: |
Lisää tagi
Ei tageja, Lisää ensimmäinen tagi!
|
MARC
| LEADER | 00000nam a2200000 a 4500 | ||
|---|---|---|---|
| 001 | UCZ2848 | ||
| 003 | CL-VaPUC | ||
| 008 | 951013e19680000SP |||||||||||||||||spa|d | ||
| 082 | 0 | 4 | |a 459.9 |b VID |2 21 |
| 100 | 0 | |a Vidos, B. E |e author |9 346631 | |
| 245 | 1 | 0 | |a Manual de linguística románica |
| 250 | |a 2a. ed | ||
| 300 | |a 416 p | ||
| 942 | |c BK | ||
| 945 | |d 19951013 00:00:00 |a rbrito | ||
| 260 | |a Madrid |b Aguilar |c 1968 | ||
| 650 | 0 | |a Lingüística |9 265068 | |
| 650 | 0 | |a Latín |9 269544 | |
| 650 | 7 | |a LENGUAS ROMANCES |2 CL-VaPUC |9 346632 | |
| 650 | 0 | |a Historia |9 255047 | |
| 650 | 0 | |a Español |9 255372 | |
| 650 | 7 | |a FRANCES |2 CL-VaPUC |9 259059 | |
| 650 | 0 | |a Italiano |9 344614 | |
| 650 | 7 | |a CATALAN |2 CL-VaPUC |9 346633 | |
| 650 | 7 | |a PORTUGUES |2 CL-VaPUC |9 342493 | |
| 583 | |a last modification |c 19951013 00:00:00 |k Rodrigo Vera | ||
| 999 | |c 239398 |d 239396 | ||
| 952 | |0 0 |1 0 |4 0 |6 459_900000000000000_VID_1968 |7 0 |8 A |9 250499 |a BIBEDU |b BIBEDU |d 2019-11-18 |i 2005131 |o 459.9 VID 1968 |p 2005131 |r 2019-11-18 |w 2019-11-18 |y BK |k LIT | ||